000 00963nam0a22002651 4500
001 rc\3907482
005 20130415105101.6
021 _aRU
_b[55-56899]
035 _a(NLR Aleph) 008017249
090 _a8738056
_c8738056
100 _a20130415d1955 |||y0rusy50 ca
101 0 _arus
102 _aRU
105 _aa z |||||
200 1 _aМодернизация двигателей 2Д16/20
_e[Опыт Моск. речного пароходства]
_fМ-во речного флота СССР. Техн. упр.
210 _aМосква
_cРечной транспорт
_d1955
215 _a43 с.
_cчерт.
_d20
225 1 _a[Обмен опытом]
606 _aСудовые двигатели дизеля
_xМодернизация
_2psbo
700 1 _aАлферьев
_bА. Я.
_gАлександр Яковлевич
801 0 _aRU
_bNLR
_gpsbo
801 1 _aRU
_bELAR
_2rusmarc
852 _aNLR
_jТ14 Г-4/1935
942 _cBOOK
980 _aNB